Tallest mountains in Europe - Statistics

General Stats
  • This quiz has been taken 58 times
  • The average score is 2 of 10
Answer Stats
Altitude Country Answer % Correct
4,808 m15,774 ft FranceItaly Mont Blanc
96%
5,642 m18,510 ft Russia Mount Elbrus
90%
4,634 m15,203 ft SwitzerlandItaly Dufourspitze
16%
5,047 m16,558 ft Georgia Mount Kazbek
12%
4,545 m14,911 ft Switzerland Dom
10%
5,205 m17,077 ft Russia Dykh-Tau
6%
5,193 m17,037 ft Georgia Shkhara
6%
4,533 m14,862 ft SwitzerlandItaly Lyskamm
4%
4,554 m14,941 ft SwitzerlandItaly Signalkuppe
4%
4,563 m14,970 ft SwitzerlandItaly Zumsteinspitze
2%
No matching quizzes found
Score Distribution
Percent of People with Each Score
Percentile by Number Answered
Your Score History
You have not taken this quiz